000 00696cam a2200241 4500
008 090401t1991 xxu||||| |||| 00| 0 eng d
020 _a0442002335
035 _a(Sirsi) u60258
041 _aeng
050 _a711.558
100 _aTobiasson, Bruce O.
245 _aMarinas and small craft harbors.
260 _aNew York
_bVan Nostrand Reinhold
_c1991
300 _axxiii,584p. : ill. ; 23cm.
350 _a43.5
520 _aAn American book, which covers the development, design and management of marinas.
650 _aHARBOURS
650 _aWATERFRONT DEVELOPMENT
690 _aLEISURE AND RECREATION
700 _aKollmeyer, Ronald C.
942 _n0
948 _c04/03/1997
999 _c94219
_d94219